| 000 | 00712nam a2200241 a 4500 | ||
|---|---|---|---|
| 001 | 0001-1102 | ||
| 003 | ELIB.Books | ||
| 008 | 150121 2010 eng | ||
| 020 | _aH. K. | ||
| 035 | _a(ELIB.Books)0001-1257 | ||
| 092 |
_a280.042 _bThi |
||
| 100 | _aThiagarajah, Daniel S. | ||
| 245 |
_aVissioning New Life Together Among Asian Religions: _bThe Third Congress of Asian Theologians (CATS III) |
||
| 260 |
_aShatin; Hong Kong. _bClear-Cut Publishind & Printing Company _c2002 |
||
| 300 |
_a299 _c21 Cm |
||
| 500 | _aTaylor, Saw. | ||
| 650 | _aEcumenism | ||
| 856 |
_nKBTS; Library _uKBTS; Elib. |
||
| 942 |
_2ddc _cBK |
||
| 990 | _a1 | ||
| 998 |
_cbat _e2015-01-21 |
||
| 999 |
_c11102 _d11102 |
||